[Event "Nuremberg-ch op 03rd"]
[Site "Nuremberg"]
[Date "2003.06.01"]
[Round "4"]
[White "Kordts, Florian"]
[Black "Lotz, Marcus"]
[Result "1-0"]
[WhiteElo "1283"]
[BlackElo "1554"]
[PlyCount "101"]
[EventDate "2003.05.30"]
[EventType "swiss"]
[EventRounds "5"]
[EventCountry "GER"]
[SourceTitle "EXT 2006"]
[Source "ChessBase"]
[SourceDate "2005.11.24"]
[SourceVersion "1"]
[SourceVersionDate "2005.11.24"]
[SourceQuality "1"]

1. c4 Nf6 2. Nc3 e5 3. g3 d5 4. cxd5 Nxd5 5. Bg2 Nxc3 6. bxc3 Nc6 7. d3 Bd6 8. Nf3 0-0 9. 0-0 h6 10. Rb1 Rb8 11. Be3 Re8 12. Nd2 Bd7 13. Nc4 b6 14. Qb3 Ne7 15. Nxd6 cxd6 16. Rbe1 Qc7 17. Bd2 Bc6 18. e4 Rbd8 19. f4 exf4 20. Bxf4 Ng6 21. Bd2 Qd7 22. d4 d5 23. exd5 Rxe1 24. Rxe1 Bxd5 25. Bxd5 Qxd5 26. Rf1 Qxb3 27. axb3 Ne7 28. Re1 Kf8 29. Kf2 a5 30. Re5 Rd6 31. Bc1 f6 32. Re1 Kf7 33. Ba3 Re6 34. Rxe6 Kxe6 35. Ke3 g6 36. c4 Nf5+ 37. Ke4 Nd6+ 38. Bxd6 Kxd6 39. g4 Ke6 40. h4 Kd6 41. Kf4 Kc6 42. Ke4 b5 43. cxb5+ Kxb5 44. Kd5 h5 45. gxh5 gxh5 46. Ke6 Kb4 47. d5 Kxb3 48. d6 a4 49. d7 a3 50. d8Q a2 51. Qb6+ 1-0